000 00722nam a22002177a 4500
003 OSt
005 20221110191959.0
008 221006b |||||||| |||| 00| 0 eng d
020 _a1 59711 010-8
040 _cBiblioteca Lado V
082 _a779.942
_bB499t
100 _eeditor
_9374
_aBerger, Maurice
245 _aThe Transportation of Place/
_bAndrea Robbins and Max Becher/
260 _aItalia
_bAPERTURE
300 _c31x27cm
_a155p.
650 _2Tesauro de Arte & Arquitectura
_aFOTOGRAFIA
650 _2Tesauro de Arte & Arquitectura
_aARQUITECTURA
650 _2Tesauro de Arte & Arquitectura
_aARTE VISUAL
700 _aLippard, Lucy R.
_eeditor
942 _2ddc
_c1
_h779.942
_iB499t
_n0
999 _c2577
_d2577